000 00672nam a22001937a 4500
999 _c19885
_d19885
003 AR-CdUCM
008 190223b ||||| |||| 00| 0 spa d
040 _aMUNICIPALIDAD PROVINCIAL DEL CUSCO
_cBIBLIOTECA MUNICIPAL DEL CUSCO
082 _a818.3 /
_bL73
100 _aLincoln, Abraham
_941569
245 _aUna casa dividida :
_bEscritos debates 1837-1861 /
260 _aArgentina :
_bTres Marias,
_c1965.
300 _a234 páginas. :
_c21cm.
505 _aContenido : Abraham Lincoln, ideas e ideales, figura y genio, su religión y muerte ...
650 _aBiografía
_922
650 _aProtesta contra la esclavitud
_941570
942 _2ddc
_cLIBROS
945 _arcc